000 00887nam a22002535a 4500
005 20171126133617.0
008 171126t2017 nyua frb 001 0 eng d
020 _a9781506208398
040 _aEG-ScBUE
_beng
_cEG-ScBUE
082 0 4 _a615.1076
_bUSM
_222
245 0 0 _aUSMLE step 1 lecture notes 2017 :
_bpharmacology /
_c[editors Craig Davis, Steven R. Harris].
246 3 0 _aPharmacology
260 _aNew York :
_bKaplan Medical / Kaplan,
_cc.2017.
300 _aviii, 340 p. :
_bill. (col) ;
_c24 cm.
504 _aIncludes bibliographical references and index.
650 7 _aPharmacology
_xExaminations
_vStudy guides.
_2BUEsh
_937639
650 7 _aPharmacology
_vOutlines, syllabi, etc.
_2BUEsh
651 _2BUEsh
653 _bPPhrm
_cNovember2017
655 _vReading book
_934232
700 1 _aDavis, Craig,
_eeditor.
700 1 _aHarris, Steven R.,
_eeditor.
942 _2ddc
999 _c25667
_d25639